000 00450nam a2200181Ia 4500
001 15402
005 20260306170153.0
008 260306t2013||||xx |||||||||||||| ||und||
041 _aESP
082 _a539
_bY76 V. 2
100 _aYoung, Hugh D.,
_eAUT
245 0 _aFísica universitaria con física moderna
260 _c2013
300 _axxviii, páginas 687-1521 :
_c28 cm.
650 _aGEN
654 _aCCN
942 _cLIB
_dJUS
_fJUS
_2ddc
_n
999 _c15402
_d15402